000 00994nam a2200325 i 4500
003 DO-SdBNP
005 20240701135419.0
007 ta
008 240701s2024 dr r 000 0 spa d
020 _a9789945223507
040 _aDO-SdBNP
_bspa
_cBNPHU
_erda
082 _bE825
_222
100 _935398
245 1 3 _aEstudio de narrativas en medios sobre el acceso a servicios de salud pública de migrantes y sus familiares :
_bRepública Dominicana, 2020-2023
264 1 _aSanto Domingo :
_bCentro Para la Observación Migratoria y el Desarrollo Social en el Caribe (OBMICA) ,
_c2024.
300 _a110 páginas :
_bilustraciones
_c28 cm.
336 _2rdacontent
_atexto
_btxt
337 _2rdamedia
_asin mediación
_bn
338 _2rdacarrier
_avolumen
_bnc
590 _aInventariado, 2024/ DG
650 _914357
650 _985631
650 _985632
651 _938922
651 _938923
700 _985642
710 _985633
910 _aDG
942 _2ddc
_cLBS1
999 _c57089
_d57089